Państwa Azji ale tylko 3 ostatnie literki! - Statystyki

Ogólne statystyki
  • Ten quiz został rozwiązany 48 razy
  • Średni wynik to 29 z 48
Odpowiedzi na mapie
Odpowiedzi zakodowano w zielono-czerwonej skali na mapie do tego quizu, zgodnie z poniższymi procentami.
 
Statystyki odpowiedzi
Państwo % Poprawnych
Chiny
95%
Filipiny
95%
Indie
92%
Afganistan
90%
Armenia
90%
Bhutan
90%
Japonia
90%
Jordania
90%
Kazachstan
90%
Kirgistan
90%
Pakistan
90%
Tadżykistan
90%
Turkmenistan
90%
Uzbekistan
90%
Gruzja
85%
Indonezja
85%
Malezja
85%
Mongolia
72%
Arabia Saudyjska
69%
Turcja
69%
Oman
67%
Jemen
62%
Korea Północna
62%
Korea Południowa
62%
Tajlandia
59%
Irak
56%
Iran
56%
Nepal
56%
Wietnam
56%
Sri Lanka
54%
Bangladesz
51%
Mjanma
51%
Laos
46%
Syria
38%
Cypr
36%
Singapur
36%
Zjednoczone Emiraty Arabskie
36%
Kambodża
33%
Izrael
31%
Malediwy
31%
Bahrajn
28%
Tajwan
28%
Azerbejdżan
23%
Brunei
23%
Katar
23%
Kuwejt
23%
Liban
18%
Timor Wschodni
18%
Nie znaleziono quizów pasujących do podanych kryteriów
Rozkład punktacji
Procent ludzi z każdym wynikiem
Percentyl według liczby udzielonych odpowiedzi
Twoja historia wyników
Nie rozwiązałeś tego quizu